Otra Noche En Miami - Bad Bunny - Estadísticas

Estadísticas generales
  • Esta prueba ha sido intentada 275 veces
  • La puntuación promedio es 292 de 398
Estadísticas de respuestas
Letra % Correcto
la
97%
no
97%
No
97%
y
97%
Y
97%
noche
96%
A
95%
a
95%
en
95%
de
94%
me
93%
Me
93%
que
93%
qué
93%
Que
93%
como
92%
Como
92%
mi
92%
costumbre
91%
o
91%
O
91%
salgo
91%
si
90%
Si
90%
te
88%
lo
87%
punto
87%
87%
se
87%
es
86%
Es
86%
pa
86%
ti
85%
10
84%
al
84%
Miami
83%
muchedumbre
83%
Otra
83%
alumbre
82%
diamante
82%
el
82%
acostumbre
80%
Prendas
79%
cuando
77%
diferencio
77%
puede
77%
papi
76%
con
75%
dicen
75%
está
75%
las
75%
los
75%
Mercedes
75%
modelo
75%
sin
75%
ya
75%
Ya
75%
estilo
74%
extranjeras
73%
yo
72%
Yo
72%
Están
71%
están
71%
Maserati
71%
son
71%
por
70%
cel
69%
irme
69%
Pero
69%
pero
69%
un
68%
coger
67%
dinero
67%
Modelos
67%
quieren
67%
soy
67%
Soy
67%
locas
66%
sol
66%
Tengo
66%
tengo
66%
tirando
65%
ver
65%
Seguramente
64%
acompaña
63%
dos
63%
extraña
63%
acordé
61%
horas
61%
Moët
61%
todo
61%
Todo
61%
baña
60%
ciudad
60%
dicho
60%
mejor
60%
olvidé
60%
rubia
60%
champaña
59%
del
59%
español
58%
francesas
58%
Gucci
58%
mall
58%
mucho
58%
actrices
57%
gol
57%
hablándome
57%
hice
57%
ni
57%
querías
57%
tanto
57%
Cristiano
56%
decías
56%
desde
56%
después
56%
dueño
56%
He
56%
les
56%
meter
56%
Nada
56%
perdía
56%
quise
56%
voy
56%
comprar
55%
mar
55%
mudé
55%
pasar
55%
viaje
55%
vida
55%
cambiaba
54%
estado
54%
Louis
54%
nunca
54%
real
54%
recuerdo
54%
vacía
54%
ah
53%
cicatrices
53%
días
53%
garaje
53%
poder
53%
pueda
53%
quien
53%
Supuestamente
53%
veo
53%
colección
52%
esos
52%
guías
52%
orgías
52%
siga
52%
volver
52%
Vuitton
52%
saludé
51%
imaginando
50%
pues
50%
Pues
50%
superficial
50%
vista
50%
cansa
49%
siempre
49%
Bentley
48%
fumar
48%
monto
48%
quisiera
48%
raro
48%
tu
48%
11:34
47%
Ahora
47%
anoche
47%
sonrisa
47%
contigo
46%
fasa
46%
rico
46%
solo
46%
soñé
46%
tenía
46%
tiendas
45%
Tratando
45%
único
45%
Beach
44%
brilla
44%
sigo
44%
toa
44%
avisas
43%
dirección
43%
yeh
42%
putas
41%
uso
41%
compartir
40%
Ferra
40%
Pal
40%
retro
40%
gusta
39%
llevo
39%
Mientras
39%
sellar
39%
estas
38%
threesome
38%
cansan
37%
Penthouse
37%
conexión
36%
Kush
35%
Khalifa
34%
cieguen
33%
frisa
33%
igual
33%
piensas
33%
Rolex
33%
avenue
24%
No se encontraron pruebas coincidentes
Distribución de puntuación
Porcentaje de gente con cada puntuación
Porcentaje por número respondido
Historial de tus puntuaciones
No has intentado esta prueba.